Introduction to Operation Research (Record no. 24651)

000 -LEADER
fixed length control field 00220nam a22000857a 4500
003 - CONTROL NUMBER IDENTIFIER
control field Nust
005 - DATE AND TIME OF LATEST TRANSACTION
control field 20170525113448.0
008 - FIXED-LENGTH DATA ELEMENTS--GENERAL INFORMATION
fixed length control field 140618b xxu||||| |||| 00| 0 eng d
020 ## - INTERNATIONAL STANDARD BOOK NUMBER
Terms of availability Available
International Standard Book Number 9780073376295
040 ## - CATALOGING SOURCE
Original cataloging agency DLC
Language of cataloging DLC
Transcribing agency RCMS
082 ## - DEWEY DECIMAL CLASSIFICATION NUMBER
Edition number 9th, ed.
Classification number 658.40 HIL
100 ## - MAIN ENTRY--PERSONAL NAME
Personal name Frederick S. Hillier
9 (RLIN) 1407
245 ## - TITLE STATEMENT
Title Introduction to Operation Research
250 ## - EDITION STATEMENT
Edition statement 9th, ed.
260 ## - PUBLICATION, DISTRIBUTION, ETC.
Place of publication, distribution, etc. USA
Name of publisher, distributor, etc. McGraw-Hill
Date of publication, distribution, etc. c2010.
300 ## - PHYSICAL DESCRIPTION
Extent xxiv, 1047 p. :
Other physical details ill, ;
Dimensions 27 cm.
538 ## - SYSTEM DETAILS NOTE
Display text Shelf # 12, Row # 2, System Engineering.
650 ## - SUBJECT ADDED ENTRY--TOPICAL TERM
Topical term or geographic name entry element Operation Research
9 (RLIN) 1219
856 ## - ELECTRONIC LOCATION AND ACCESS
Materials specified Table of Contents Only.
942 ## - ADDED ENTRY ELEMENTS (KOHA)
Source of classification or shelving scheme
Koha item type Book
Edition 9th, ed.
Call number prefix 658.40 HIL
Holdings
Withdrawn status Lost status Source of classification or shelving scheme Damaged status Not for loan Permanent Location Current Location Shelving location Date acquired Total Checkouts Full call number Barcode Date last seen Date last checked out Price effective from Koha item type
          Central Library (CL) Central Library (CL) General Stacks 06/18/2014 1 658.4032 HIL RCMS002532 05/27/2015 05/27/2015 06/18/2014 Book
© 2023 Central Library, National University of Sciences and Technology. All Rights Reserved.